000 00639nam a2200241Ia 4500
003 OSt
005 20221005083830.0
006 a|||||r|||| 00| 0
007 ta
008 221004b |||||||| |||| 00| 0 eng d
024 _a33073
037 _cTextual
040 _aCRL
_cCRL
_beng
041 _2eng
_aeng
082 _aO111,3M12,HT, K9
100 _aDickens Charles
245 0 _aHard times
260 _aNew Delhi
_bWorldview Publishing India
_c2006
300 _axxxvii,363p.
_ccm.
650 _aENGLISH FICTION
942 _hO111,3M12,HT, K9
_cTEXL
_2cc
999 _c991642
_d991642